| 000 | 00968nam a2200289Ia 4500 | ||
|---|---|---|---|
| 003 | CO-BoRNBP | ||
| 005 | 20230111200408.0 | ||
| 007 | ta | ||
| 008 | 160601s2000 mx a g 000 0 spa | ||
| 020 | _a9681839390 | ||
| 040 |
_aCO-BoRNBP _bspa _erda _cCO-BoRNBP |
||
| 082 | 0 | 4 |
_a696.1 _bH11g |
| 100 | 1 |
_aHaan, Enno R. _938 |
|
| 245 | 1 | 0 |
_aGuía de plomería doméstica _cEnnor R. Hann ; colaborador en la traducción Carlos Gerhard |
| 250 |
_a2a. edición _b1a. reimpresión |
||
| 264 |
_aMéxico _bLimusa _c2000 |
||
| 300 |
_a304 páginas _bilustraciones _c21 cm |
||
| 336 |
_atexto _btxt _2rdacontent |
||
| 337 |
_asin mediación _bn _2rdamedia |
||
| 338 |
_avolumen _bnc _2rdacarrier |
||
| 650 | 1 | 4 |
_2LEMB _aPlomería _vManuales _939 |
| 650 | 1 | 4 |
_2LEMB _aPlomería _xHerramientas _940 |
| 650 | 1 | 4 |
_2LEMB _aViviendas condiciones sanitarias _941 |
| 650 | 1 | 4 |
_2LEMB _aInstalaciones de tuberías _942 |
| 700 | 1 |
_aGerhard, Carlos _etraductor _943 |
|
| 942 |
_2ddc _cBK |
||
| 999 |
_c4217 _d4217 |
||